| 000 | 00414nam a22001697a 4500 | ||
|---|---|---|---|
| 005 | 20180319122842.0 | ||
| 008 | 160503b xxu||||| |||| 00| 0 eng d | ||
| 020 | _a81-2970103-0 | ||
| 041 | _aeng | ||
| 082 |
_b1192 _a336.54 |
||
| 100 |
_aPathak V. Bharti _9403 |
||
| 245 | _aIndian Financial System. | ||
| 260 |
_aNew Delhi _bPearson Education, _c2003 |
||
| 300 | _a591 | ||
| 650 |
_aManagement _9241 |
||
| 942 | _cBK | ||
| 999 |
_c477 _d477 |
||